000 01121na a2200325 4500
001 20147
003 MIRAKIL
005 20181213155127.0
008 170105b tu 000 0
020 _a9751925533
040 _aMilas
_btur
_cTR-AnCHP
041 _atur
082 _a338.9625
_bD35 2000
090 _a338.9625 D35 2000
245 _aDemiryolu taşıtları imalat sanayii özel ihtisas komisyonu raporu
_cDevlet Planlama Teşkilatı
246 _aDemiryolu taşıtları imalat sanayii
260 _aAnkara
_bDPT
_c2000
300 _a40 s.
_btbl.
_c27 sm.
440 _aDPT
_v2533
490 _aÖİK
_v549
500 _aSekizinci beş yıllık kalkınma planı özel ihtisas komisyonu raporu
610 _aDevlet Planlama Teşkilatı (DPT)
650 _aDemiryolu taşımacılığı
_xKalkınma planı, 2000
_yRaporlar
651 _aTürkiye
_xBeş yıllık kalkınma planları
710 _aDevlet Planlama Teşkilatı (DPT)
740 _aDemiryolu taşıtları imalat sanayii
830 _aÖzel İhtisas Komisyonu
830 _aDevlet Planlama Teşkilatı Yayınları
942 _2ddc
_cBKS
999 _c7076
_d7076